000
00326nam a2200133Ia 4500
005
20251222141826.0
008
251222s9999||||xx |||||||||||||| ||spa||
020
_a
84-7151-941-0
082
_a
270/G67
100
_a
González Echegaray, Joaquín
245
0
_a
Arqueología y Evangelios
264
_b
Verbo Divino
942
_c
LIB
999
_c
6947
_d
6947